000 00752nam a2200217Ii 4500
003 JO-AjNU
008 230605s9999||||xx |||||||||||||| ||und||
017 _a1994/5/418
040 _aJO-AjNU
_bara
_erda
_cJO-AjNU
041 _aara
050 1 4 _aHD851.M3424.1994
100 3 _aالملقي، بدري,
_eauthor
_950625
245 0 0 _aالارض وملكيتها في الاردن
264 3 1 _aعمان:لجنة تاريخ الاردن،1994
300 _a80ص
_bيشتمل على ملاحق ص47-ص80
336 _atext
_btxt
_2rdacontent
337 _aunmediated
_bn
_2rdamedia
338 _avolume
_bnc
_2rdacarrier
490 0 _aالكتاب الام في تاريخ الاردن؛25
650 4 _aالاراضي-ملكية-الاردن
_950626
999 _aA22312
_c25880
_d25880